A list of the books forming the Langley aeronautical collection deposited in the Library of Congress by the Smithsonian institution, March 1930. (Record no. 16644)
[ view plain ]
| 000 -LEADER | |
|---|---|
| fixed length control field | 01048cam a22002771 4500 |
| 001 - CONTROL NUMBER | |
| control field | ca 30000660 |
| 003 - CONTROL NUMBER IDENTIFIER | |
| control field | DLC |
| 005 - DATE AND TIME OF LATEST TRANSACTION | |
| control field | 20260227111123.0 |
| 008 - FIXED-LENGTH DATA ELEMENTS--GENERAL INFORMATION | |
| fixed length control field | 831107s1930 dcu b 000 0 eng |
| 010 ## - LIBRARY OF CONGRESS CONTROL NUMBER | |
| LC control number | ca 30000660 |
| 035 ## - SYSTEM CONTROL NUMBER | |
| System control number | (OCoLC)10101949 |
| 040 ## - CATALOGING SOURCE | |
| Original cataloging agency | DLC |
| Transcribing agency | DSI |
| Modifying agency | OCoLC |
| -- | DLC |
| 042 ## - AUTHENTICATION CODE | |
| Authentication code | premarc |
| 050 00 - LIBRARY OF CONGRESS CALL NUMBER | |
| Classification number | Z5066 |
| Item number | .S66 |
| 110 2# - MAIN ENTRY--CORPORATE NAME | |
| Corporate name or jurisdiction name as entry element | Smithsonian Institution. |
| Subordinate unit | Library. |
| -- | Langley aeronautical collection. |
| 245 12 - TITLE STATEMENT | |
| Title | A list of the books forming the Langley aeronautical collection deposited in the Library of Congress by the Smithsonian institution, March 1930. |
| 260 ## - PUBLICATION, DISTRIBUTION, ETC. | |
| Place of publication, distribution, etc. | Washington, D.C., |
| Date of publication, distribution, etc. | 1930. |
| 300 ## - PHYSICAL DESCRIPTION | |
| Extent | 1 p. l., 69 p. |
| Dimensions | 31 cm. |
| 500 ## - GENERAL NOTE | |
| General note | Photographic reproduction, reduced, of the catalogue cards covering the collection. |
| 500 ## - GENERAL NOTE | |
| General note | Arranged alphabetically, 21 cards to a page. |
| 500 ## - GENERAL NOTE | |
| General note | Title-page type-written. |
| 650 #0 - SUBJECT ADDED ENTRY--TOPICAL TERM | |
| Topical term or geographic name entry element | Aeronautics |
| Form subdivision | Bibliography. |
| 700 1# - ADDED ENTRY--PERSONAL NAME | |
| Personal name | Langley, S. P. |
| Fuller form of name | (Samuel Pierpont), |
| Dates associated with a name | 1834-1906. |
| 710 2# - ADDED ENTRY--CORPORATE NAME | |
| Corporate name or jurisdiction name as entry element | Library of Congress. |
| 740 0# - ADDED ENTRY--UNCONTROLLED RELATED/ANALYTICAL TITLE | |
| Uncontrolled related/analytical title | Langley aeronautical collection. |
No items available.